Vplyv FARC na politický systém Kolumbie diplomová práca

Guardado en:
Detalles Bibliográficos
Autor principal: Demovičová, Patrícia
Autor Corporativo: Fakulta medzinárodných vzťahov EU. Katedra medzinárodných politických vzťahov
Otros Autores: Kucharčík, Rudolf, 1977-
Formato: Libro
Lenguaje:eslovaco
Publicado: Bratislava 2018
Etiquetas: Agregar Etiqueta
Sin Etiquetas, Sea el primero en etiquetar este registro!

MARC

LEADER 00000nbm a2200000 4500
001 0244463
005 20180806114831.5
041 0 |a slo 
044 |a SK 
245 1 0 |a Vplyv FARC na politický systém Kolumbie  |b diplomová práca  |c Patrícia Demovičová ; školiteľ: Rudolf Kucharčík 
264 1 |a Bratislava  |c 2018 
300 |a 84 s. 
100 1 |a Demovičová, Patrícia 
700 1 |a Kucharčík, Rudolf, 1977- 
710 2 |a Fakulta medzinárodných vzťahov EU. Katedra medzinárodných politických vzťahov